Možnosti zlepšenia vybraných logistických činností v podniku diplomová práca

Gespeichert in:
Bibliographische Detailangaben
1. Verfasser: Priputenová, Anna Mária
Körperschaft: Podnikovohospodárska fakulta EU so sídlom v Košiciach. Katedra obchodného podnikania
Weitere Verfasser: Gajdoš, Jozef, 1962-2025
Format: Buch
Sprache:Slowakisch
Veröffentlicht: Košice 2020
Tags: Tag hinzufügen
Keine Tags, Fügen Sie das erste Tag hinzu!

MARC

LEADER 00000nbm a2200000 4500
001 0265421
005 20201207144902.6
041 0 |a slo 
044 |a SK 
245 1 0 |a Možnosti zlepšenia vybraných logistických činností v podniku  |b diplomová práca  |c Anna Mária Priputenová ; školiteľ: Jozef Gajdoš 
264 1 |a Košice  |c 2020 
300 |a 63 s. 
100 1 |a Priputenová, Anna Mária 
700 1 |a Gajdoš, Jozef, 1962-2025 
710 2 |a Podnikovohospodárska fakulta EU so sídlom v Košiciach. Katedra obchodného podnikania